000 00283nam a22001217a 4500
003 OSt
008 150215b xxu||||| |||| 00| 0 eng d
100 1 _aPatton, Donald Scott
041 _aeng
245 1 0 _aThe Private Local Posts of the United States
260 _c1967
300 _a0 pages
999 _c804
_d804